000 00350 a2200109 4500
001 ART_26482
005 20260410161933.0
008 260409a
245 1 0 _aMétodo de análisis de la correlación entre datos tomados de dos en dos
100 1 _aWainer, Carlos Luis
773 0 _tInforme
_g- Año II, Nº 18 (dic. 1970)
_wREV23765
999 _c28790
_d28790